Skúsenosti z praxe a organizácie vynálezovstva a zlepšovateľstva : 14. celoštátna konferencia /

Uloženo v:
Podrobná bibliografie
Médium: Kniha
Jazyk:slovenština
čeština
Vydáno: Bratislava : Dom techniky ČSVTS, 1979
Vydání:Vyd. 1.
Témata:
On-line přístup: Získat plný text
Tagy: Přidat tag
Žádné tagy, Buďte první, kdo vytvoří štítek k tomuto záznamu!

MARC

LEADER 00000nam a22000007a 4500
005 20251008133717.0
008 251006s1979 cs ||||f |l|| 10| 0 slo d
020 |q (brož.) 
040 |a CVT  |b slo  |c CVT  |d CVT  |e AACR2 
041 0 |a slo  |a cze 
044 |a cs  |c CS 
072 7 |2 CVT  |a 00 
080 1 |a 001.894.2  |2 2011 
080 1 |a 347.77  |2 2011 
245 0 0 |a Skúsenosti z praxe a organizácie vynálezovstva a zlepšovateľstva :  |b 14. celoštátna konferencia /  |c kolektív 
250 |a Vyd. 1. 
260 |a Bratislava :  |b Dom techniky ČSVTS,  |c 1979 
300 |a 162 s. :   |b tab. ;  |c 21 cm 
366 |e 320 ks 
653 |a výskum 
653 |a zlepšovanie 
910 |b A377566 
959 |a 02 
974 |a Katarína Repatá  |b Rita Zubonyaiová 
992 |a AMG  |a AZN 
999 |c 303912  |d 303912